00490 2200181 4500001002100000008004100021035002000062245006500082100002700147260002800174300002600202020002200228084001400250082000800264990001200272990001200284990001200296INLIS000000000002899 IND  a0010-0925000246 aKoding dan Kecerdasan Artifical (KA)cDr. Henry Pandia, S.T. aDr. Henry Pandia, S.T. aJakartabErlanggac2024 a262c(19,5 x 22,5 cm) a978-623-522-648-4 a004 HEN k a004 a0755294 a0755295 a0755296